Normal view
MARC view
- Virology & Immunology M. Phil.-Thesis
Entry Topical Term
001 - CONTROL NUMBER
- control field: 28258
003 - CONTROL NUMBER IDENTIFIER
- control field: NUST
005 - DATE AND TIME OF LATEST TRANSACTION
- control field: 20200203122322.0
008 - FIXED-LENGTH DATA ELEMENTS
- fixed length control field: 200203|| aca||aabn | a|a d
040 ## - CATALOGING SOURCE
- Original cataloging agency: NUST
- Transcribing agency: NUST
150 ## - HEADING--TOPICAL TERM
- Topical term or geographic name entry element: Virology & Immunology M. Phil.-Thesis
670 ## - SOURCE DATA FOUND
- Source citation: Work cat.: (NUST): Naheed, Sara Sabir 28257, Mechanistic study of interaction between HCV and Host Genes Involved in HCV pathogenesis /, 2013.
